[Event "CRO-chT2 West"]
[Site "Rijeka"]
[Date "2020.10.25"]
[Round "8.3"]
[White "Pavesic, Robert"]
[Black "Birk, Bojan"]
[Result "1/2-1/2"]
[WhiteElo "1665"]
[BlackElo "1979"]
[PlyCount "22"]
[EventDate "2020.09.12"]
[EventType "team-tourn"]
[EventRounds "9"]
[EventCountry "CRO"]
[SourceTitle "EXT 2022"]
[Source "ChessBase"]
[SourceDate "2021.10.06"]
[SourceVersion "1"]
[SourceVersionDate "2021.10.06"]
[SourceQuality "1"]
[WhiteTeam "Drazice Rjecina"]
[BlackTeam "Rijeka II"]
[WhiteTeamCountry "CRO"]
[BlackTeamCountry "CRO"]

1. b3 d6 2. Bb2 e5 3. e3 f5 4. Ne2 Nf6 5. d4 e4 6. c4 c6 7. Nbc3 Be6 8. Qc2 Be7 9. Rd1 0-0 10. Ba1 Nbd7 11. h3 a6 1/2-1/2

[Event "CRO-chT3 West"]
[Site "Croatia"]
[Date "2017.04.09"]
[Round "6.2"]
[White "Galic, Simeun"]
[Black "Birk, Bojan"]
[Result "0-1"]
[WhiteElo "1881"]
[BlackElo "1980"]
[PlyCount "80"]
[EventDate "2017.03.25"]
[EventType "team-tourn"]
[EventRounds "9"]
[EventCountry "CRO"]
[SourceTitle "EXT 2019"]
[Source "ChessBase"]
[SourceDate "2018.10.10"]
[SourceVersion "1"]
[SourceVersionDate "2018.10.10"]
[SourceQuality "1"]

1. e4 d6 2. d4 Nf6 3. Nc3 g6 4. h3 Bg7 5. Nf3 c6 6. Be3 0-0 7. Bd3 Qc7 8. Qd2 b5 9. a3 a5 10. Ne2 Nbd7 11. Bh6 e5 12. Bxg7 Kxg7 13. c3 Nb6 14. b3 Be6 15. Rb1 a4 16. b4 Bc4 17. Nh4 Bxd3 18. Qxd3 Nc4 19. Ra1 Rfe8 20. Ng3 d5 21. dxe5 Nxe5 22. Qd4 dxe4 23. 0-0 Rad8 24. Qe3 Nd5 25. Qg5 f6 26. Qc1 Nd3 27. Qd2 Qe5 28. Ne2 g5 29. Nd4 gxh4 30. f3 Qg5 31. Qxg5+ fxg5 32. fxe4 Rxe4 33. Nxc6 Rf8 34. Rfd1 N3f4 35. Rd2 Re2 36. Rxe2 Nxe2+ 37. Kh2 Rf2 38. Rd1 Ne3 39. Rd7+ Kh6 40. Rd6+ Kh5 0-1

[Event "CRO-chT3 West"]
[Site "Croatia"]
[Date "2017.03.26"]
[Round "3.5"]
[White "Birk, Bojan"]
[Black "Piacun, Eduard"]
[Result "1/2-1/2"]
[WhiteElo "1980"]
[BlackElo "1952"]
[PlyCount "23"]
[EventDate "2017.03.25"]
[EventType "team-tourn"]
[EventRounds "9"]
[EventCountry "CRO"]
[SourceTitle "EXT 2019"]
[Source "ChessBase"]
[SourceDate "2018.10.10"]
[SourceVersion "1"]
[SourceVersionDate "2018.10.10"]
[SourceQuality "1"]

1. e4 c6 2. d4 d5 3. Nc3 dxe4 4. Nxe4 Bf5 5. Ng3 Bg6 6. Nf3 Nd7 7. Bd3 Bxd3 8. Qxd3 Ngf6 9. 0-0 Qc7 10. Be3 e6 11. Rfe1 Bd6 12. c4 1/2-1/2

[Event "CRO-chT3 West"]
[Site "Croatia"]
[Date "2017.03.25"]
[Round "1.4"]
[White "Birk, Bojan"]
[Black "Skific, Danijel"]
[Result "1-0"]
[WhiteElo "1980"]
[BlackElo "1785"]
[PlyCount "103"]
[EventDate "2017.03.25"]
[EventType "team-tourn"]
[EventRounds "9"]
[EventCountry "CRO"]
[SourceTitle "EXT 2019"]
[Source "ChessBase"]
[SourceDate "2018.10.10"]
[SourceVersion "1"]
[SourceVersionDate "2018.10.10"]
[SourceQuality "1"]

1. e4 e6 2. d4 d5 3. exd5 exd5 4. Bd3 Nf6 5. Bg5 Be7 6. Nf3 0-0 7. 0-0 h6 8. Bh4 Bg4 9. Nbd2 Nc6 10. c3 Re8 11. Qb3 Na5 12. Qa4 Nc6 13. Rfe1 a6 14. Re3 Qd7 15. Rae1 Bd6 16. Bxf6 gxf6 17. Rxe8+ Rxe8 18. Rxe8+ Qxe8 19. Qb3 Bf4 20. Qxd5 Bxd2 21. Nxd2 Qe1+ 22. Nf1 Be6 23. Qe4 Qxe4 24. Bxe4 Bxa2 25. Bxc6 bxc6 26. Ne3 Be6 27. b4 Kf8 28. Kf1 Ke7 29. Ke2 Kd6 30. Kd3 h5 31. Nc4+ Kd5 32. Na5 Bc8 33. Nb3 Bf5+ 34. Kd2 Bc8 35. Na5 Bd7 36. Ke3 Bc8 37. c4+ Kd6 38. Nb3 Be6 39. Kd3 Bf5+ 40. Kc3 Bc8 41. Nc5 f5 42. Kd3 h4 43. Ke3 Ke7 44. Kf4 Kf6 45. Nd3 Bb7 46. Ne5 c5 47. Nd7+ Kg6 48. Nxc5 Bxg2 49. Nxa6 Bf1 50. Nxc7 Bxc4 51. b5 Bf1 52. b6 1-0

[Event "CRO-chT3W"]
[Site "Croatia"]
[Date "2016.04.09"]
[Round "4.4"]
[White "Prpic, Ivan"]
[Black "Birk, Bojan"]
[Result "1/2-1/2"]
[WhiteElo "1977"]
[BlackElo "1960"]
[PlyCount "101"]
[EventDate "2016.03.05"]
[EventType "team-tourn"]
[EventRounds "9"]
[EventCountry "CRO"]
[SourceTitle "CBM 171 Extra"]
[Source "ChessBase"]
[SourceDate "2016.04.26"]
[SourceVersion "1"]
[SourceVersionDate "2016.04.26"]
[SourceQuality "1"]
[WhiteTeam "Senj Velebit"]
[BlackTeam "Rijeka Rijeka II"]
[WhiteTeamCountry "CRO"]
[BlackTeamCountry "CRO"]

1. e4 d6 2. d4 Nf6 3. Nc3 g6 4. Nf3 Bg7 5. Be2 c6 6. 0-0 0-0 7. h3 e5 8. dxe5 dxe5 9. Bg5 Qc7 10. Re1 Be6 11. Bh4 Nbd7 12. Ng5 Rfe8 13. Nxe6 Rxe6 14. Qd2 Rd6 15. Qe3 Qb6 16. Qxb6 Nxb6 17. f4 Ne8 18. f5 Bf6 19. Bf2 Ng7 20. g4 Rad8 21. Be3 Bh4 22. Rf1 f6 23. a4 Bg5 24. Bxg5 fxg5 25. a5 Nd7 26. Rad1 Nf6 27. Rd3 gxf5 28. exf5 Kf8 29. Kf2 h5 30. Rxd6 Rxd6 31. Rd1 Rxd1 32. Bxd1 hxg4 33. hxg4 Ke7 34. Bf3 Kd6 35. b4 Nge8 36. Na4 Nc7 37. c4 e4 38. Be2 Ke5 39. Ke3 Na6 40. b5 Nb4 41. Nc5 cxb5 42. cxb5 b6 43. axb6 axb6 44. Ne6 Nbd5+ 45. Kf2 Nf4 46. Nxg5 Nxe2 47. Nf7+ Kf4 48. Kxe2 Nxg4 49. Nd6 Ke5 50. Nc4+ Kxf5 51. Nxb6 1/2-1/2

[Event "CRO-chT2 West"]
[Site "Croatia"]
[Date "2015.10.25"]
[Round "8.3"]
[White "Ugulin, Silvano"]
[Black "Birk, Bojan"]
[Result "1/2-1/2"]
[WhiteElo "2023"]
[BlackElo "2017"]
[PlyCount "94"]
[EventDate "2015.02.21"]
[EventType "team-tourn"]
[EventRounds "9"]
[EventCountry "CRO"]
[SourceTitle "EXT 2017"]
[Source "ChessBase"]
[SourceDate "2016.10.25"]
[SourceVersion "1"]
[SourceVersionDate "2016.10.25"]
[SourceQuality "1"]
[WhiteTeam "Rovinj Batana"]
[BlackTeam "Rijeka Rijeka II"]
[WhiteTeamCountry "CRO"]
[BlackTeamCountry "CRO"]

1. e4 d6 2. d4 Nf6 3. Nc3 g6 4. f3 c6 5. Be3 Bg7 6. Qd2 b5 7. 0-0-0 b4 8. Nb1 a5 9. g4 h5 10. gxh5 Nxh5 11. Ne2 Qb6 12. Bg2 a4 13. Ng3 a3 14. b3 c5 15. c4 Nc6 16. Ne2 Na5 17. Qd3 Bd7 18. Nd2 cxd4 19. Bxd4 Bxd4 20. Qxd4 Qxd4 21. Nxd4 Nf4 22. Bf1 Rc8 23. Nc2 Nc6 24. Nb1 Bh3 25. Kd2 Bxf1 26. Rdxf1 Kd7 27. Ke3 g5 28. Rfg1 f6 29. h4 Ne6 30. hxg5 Nxg5 31. Nd2 Rxh1 32. Rxh1 Rg8 33. Rh5 Rg7 34. Kf2 Rh7 35. Rxh7 Nxh7 36. f4 e5 37. Ke3 Ke6 38. f5+ Kd7 39. Nf3 Kc7 40. Nfe1 Kb6 41. Nd3 Ka5 42. Nf2 Ng5 43. Ng4 Nh7 44. Nf2 Kb6 45. Nd3 Ka5 46. Nf2 Ng5 47. Ng4 Nh7 1/2-1/2

[Event "CRO-chT2 West"]
[Site "Croatia"]
[Date "2014.03.16"]
[Round "3.15"]
[White "Birk, Bojan"]
[Black "Levar, Nenad"]
[Result "1-0"]
[WhiteElo "2005"]
[BlackElo "2099"]
[PlyCount "145"]
[EventDate "2014.03.15"]
[EventType "team-tourn"]
[EventRounds "9"]
[EventCountry "CRO"]
[SourceTitle "EXT 2019"]
[Source "ChessBase"]
[SourceDate "2018.10.10"]
[SourceVersion "1"]
[SourceVersionDate "2018.10.10"]
[SourceQuality "1"]
[WhiteTeam "Rijeka CC II"]
[BlackTeam "Karlobag"]
[WhiteTeamCountry "CRO"]
[BlackTeamCountry "CRO"]

1. e4 c5 2. Nc3 Nc6 3. g3 g6 4. Bg2 Bg7 5. d3 e6 6. f4 Nge7 7. Nf3 0-0 8. 0-0 Rb8 9. Ne2 d5 10. e5 d4 11. g4 b5 12. Ng3 Nd5 13. Qe2 Ba6 14. f5 exf5 15. gxf5 Re8 16. e6 fxe6 17. fxg6 hxg6 18. Qe4 Rb7 19. Qxg6 Rf7 20. Nh5 Nde7 21. Qxe6 Bc8 22. Qb3 Na5 23. Qxb5 a6 24. Qb8 Qd5 25. Ng5 Rxf1+ 26. Kxf1 Rf8+ 27. Kg1 Qf5 28. Qg3 Be5 29. Qf3 Qg6 30. Qe2 Nac6 31. Bd2 Qd6 32. h3 Ng6 33. Qe4 Nce7 34. Rf1 Bf5 35. Qe2 Nh4 36. Bf4 Neg6 37. Bxe5 Nxe5 38. Qf2 Neg6 39. Qg3 Qd8 40. Nf4 Nxg2 41. Kxg2 Qf6 42. Nxg6 Qxg6 43. Nf3 Qxg3+ 44. Kxg3 Be6 45. Nd2 Rb8 46. b3 Rb7 47. Ne4 Rg7+ 48. Kh2 Rc7 49. Rf6 Bd5 50. Rxa6 Bxe4 51. dxe4 Re7 52. Rc6 Rxe4 53. Rxc5 Re2+ 54. Kg3 d3 55. cxd3 Rxa2 56. b4 Rd2 57. Rd5 Kf7 58. b5 Ke6 59. Rd8 Ke7 60. Rd4 Rb2 61. Rd5 Ke6 62. Rg5 Rb3 63. h4 Rxd3+ 64. Kg4 Rd4+ 65. Kh5 Kf6 66. b6 Rb4 67. Rg4 Rb5+ 68. Kh6 Kf7 69. Rg6 Rb1 70. h5 Rb5 71. b7 Rb1 72. Rg7+ Kf6 73. Kh7 1-0

[Event "CRO-chT2 West"]
[Site "Croatia"]
[Date "2014.03.16"]
[Round "2.55"]
[White "Crnkovic, Zdravko"]
[Black "Birk, Bojan"]
[Result "0-1"]
[WhiteElo "2013"]
[BlackElo "2005"]
[PlyCount "56"]
[EventDate "2014.03.15"]
[EventType "team-tourn"]
[EventRounds "9"]
[EventCountry "CRO"]
[SourceTitle "EXT 2019"]
[Source "ChessBase"]
[SourceDate "2018.10.10"]
[SourceVersion "1"]
[SourceVersionDate "2018.10.10"]
[SourceQuality "1"]
[WhiteTeam "Rovinj Batana"]
[BlackTeam "Rijeka CC II"]
[WhiteTeamCountry "CRO"]
[BlackTeamCountry "CRO"]

1. e4 d6 2. f4 Nf6 3. Nc3 g6 4. Nf3 Bg7 5. d3 c5 6. Be2 Nc6 7. 0-0 0-0 8. Kh1 a6 9. Be3 b5 10. Qd2 Ng4 11. Bg1 b4 12. Nd1 Bb7 13. c4 e6 14. Rb1 Qe7 15. h3 Nf6 16. Be3 Rad8 17. Kh2 Nd7 18. Qe1 f5 19. Qd2 e5 20. Nf2 Nd4 21. Bxd4 exd4 22. exf5 Rxf5 23. Rbe1 Bh6 24. g3 Qf6 25. Ng4 Qf8 26. Ng5 Bxg5 27. fxg5 Kg7 28. Bd1 Rxf1 0-1

[Event "CRO-chT2 West"]
[Site "Rijeka"]
[Date "2012.10.14"]
[Round "8.26"]
[White "Birk, Bojan"]
[Black "Kukurin, Luka"]
[Result "1-0"]
[WhiteElo "1945"]
[BlackElo "1805"]
[PlyCount "85"]
[EventDate "2012.03.17"]
[EventType "team-tourn"]
[EventRounds "9"]
[EventCountry "CRO"]
[SourceTitle "EXT 2013"]
[Source "ChessBase"]
[SourceDate "2012.11.22"]
[SourceVersion "1"]
[SourceVersionDate "2012.11.22"]
[SourceQuality "1"]

1. e4 c5 2. Nc3 Nc6 3. g3 g6 4. Bg2 Bg7 5. d3 Nf6 6. f4 d6 7. Nf3 Qb6 8. Nd5 Nxd5 9. exd5 Nd4 10. c3 Nxf3+ 11. Qxf3 h5 12. h3 Bf5 13. Qe2 0-0-0 14. Be3 Qb5 15. Be4 Kb8 16. Kf2 Rhe8 17. g4 hxg4 18. hxg4 Bxg4 19. Qxg4 f5 20. Qe2 fxe4 21. dxe4 Qa4 22. Qd3 Rh8 23. Rhg1 Rh2+ 24. Rg2 Rdh8 25. a3 Rxg2+ 26. Kxg2 Qd7 27. Bf2 Qg4+ 28. Bg3 Qh3+ 29. Kf2 g5 30. Qf3 gxf4 31. Bxf4 Qh4+ 32. Ke3 Rf8 33. Rh1 Qf6 34. Rh5 Qg6 35. Rg5 Qxg5 36. Bxg5 Rxf3+ 37. Kxf3 Kc7 38. Bxe7 Bh6 39. b3 b5 40. e5 dxe5 41. Bxc5 a6 42. Ke4 Bf4 43. c4 1-0

[Event "CRO-chT2 West"]
[Site "Rijeka"]
[Date "2012.10.14"]
[Round "9.46"]
[White "Milevoj, Marko"]
[Black "Birk, Bojan"]
[Result "0-1"]
[WhiteElo "1913"]
[BlackElo "1945"]
[PlyCount "56"]
[EventDate "2012.03.17"]
[EventType "team-tourn"]
[EventRounds "9"]
[EventCountry "CRO"]
[SourceTitle "EXT 2013"]
[Source "ChessBase"]
[SourceDate "2012.11.22"]
[SourceVersion "1"]
[SourceVersionDate "2012.11.22"]
[SourceQuality "1"]

1. c4 c6 2. d4 Nf6 3. Nc3 g6 4. e3 Bg7 5. Nf3 d6 6. Be2 0-0 7. 0-0 Qc7 8. Qc2 e5 9. dxe5 dxe5 10. b3 Bg4 11. Bb2 Re8 12. Rfd1 Nbd7 13. Rd2 e4 14. Nd4 Bxe2 15. Ncxe2 Ng4 16. Ng3 h5 17. h3 h4 18. hxg4 hxg3 19. Rf1 Nf6 20. f3 exf3 21. gxf3 Rxe3 22. Kg2 Rae8 23. Ne2 Qa5 24. Bd4 Qxd2 25. Qxd2 Rxe2+ 26. Qxe2 Rxe2+ 27. Kxg3 Ne4+ 28. fxe4 Bxd4 0-1